000 00751nam a2200289Ia 4500
005 20260324122401.0
008 008 260324s9999 xx 000 0 eng d
020 _a9781315601809
037 _aEBOOK
040 _aCRL
040 _beng
040 _cCRL
041 _2eng
041 _aeng
084 _qCRL
100 _aMichael Saxby; Dimiter Angelov
_91166236
245 0 _aPower and Subversion in Byzantium
245 0 _bPapers from the 43rd Spring Symposium of Byzantine Studies, Birmingham, March 2010
260 _bTaylor and Francis
260 _c2013
365 _a
365 _b240
856 _uhttp://www.taylorfrancis.com/books/9781315601809
942 _cEBOOK
999 _c1758943
_d1758943